| 000 | 00456nam a2200181Ia 4500 | ||
|---|---|---|---|
| 001 | 20019 | ||
| 005 | 20260306172735.0 | ||
| 008 | 260306t2008||||xx |||||||||||||| ||spa|| | ||
| 041 | _aESP | ||
| 082 |
_a342.21 _bN12 |
||
| 100 |
_aNaciones Unidas, Departamento de información Pública _eAUT |
||
| 245 | 0 | _aLas naciones unidas hoy | |
| 260 | _c2008 | ||
| 300 |
_a415 páginas : _c23 cm. |
||
| 650 | _aGEN | ||
| 654 | _aCDE | ||
| 942 |
_cLIB _dJUS _fJUS _2ddc _n |
||
| 999 |
_c20019 _d20019 |
||